Francisco Amighetti

Guardado en:
Bibliografiske detaljer
Hovedforfatter: Amighetti, Francisco
Format: Texto
Udgivet: San José: Universidad de Costa Rica
Tags: Tilføj Tag
Ingen Tags, Vær først til at tagge denne postø!

MARC

LEADER 00000 a a2200000 04500
001 23922
003
040
090 |a 169000  
100 |a Amighetti, Francisco  
245 |a Francisco Amighetti  
260 |a San José:   |b Universidad de Costa Rica  
300 |a 167 p.  
999 |c 12221  |d 12221